Amarsi da Dio. (Record n. 358236)

Dettagli MARC
000 -LEADER
campo di controllo lung. fissa 01314nam a22002057a 4500
003 - Identificatore del numero di controllo
campo di controllo IT-MiCISF
005 - Data e orario dell'ultima transazione
campo di controllo 20240718123245.0
008 - Elementi di lunghezza fissa--Informazione generale
campo di controllo lung. fissa 190410b ||||| |||| 00| 0 eng d
040 ## - Fonte della catalogazione
Agenzia che fa la trascrizione IT-MiCISF
041 ## - Codice di lingua
Codice di lingua del testo/traccia sonora o titolo separato it
100 ## - Accesso principale -- nome di persona
Nome di persona Svanera Oliviero
9 (RLIN) 57790
245 ## - Formulazione del titolo
Titolo Amarsi da Dio.
Complemento del titolo Storie d'amore bibliche e contemporanee
260 ## - Pubblicazione, distribuzione, ecc. (stampa)
Luogo di pubblicazione, distribuzione, ecc. Padova,
Nome dell'editore, distributore, ecc. Edizioni Messaggero,
Data di pubblicazione, distribuzione, ecc. 2018
300 ## - Descrizione fisica
Estensione pp. 197
500 ## - Nota generale
Nota generale pastorale-familiare, bibbia, spiritualità-coniugale
520 ## - Riassunto, ecc.
Nota di riassunto, ecc. Un invito a entrare nel mondo biblico, popolato di famiglie, di storie d'amore e di crisi familiari e a lasciarsi conquistare dal fascino di queste narrazioni. L'autore si focalizza su sette coppie bibliche, ne scruta e osserva le dinamiche di relazione e interpella il lettore sul suo desiderio di amare ed essere amato. I riferimenti biblici sono arricchiti da continui rimandi alla vita di san Francesco e dall'esperienza concreta di sette coppie di oggi, giovani e meno giovani del ventunesimo secolo, che narrano la loro vicenda coniugale. Le sette coppie bibliche oggetto di lettura: 1. Adamo ed Eva 2. Shelomoh e Shûlammît 3. Abisag e Davide 4. Gomer e Osea 5. Gesù e la donna samaritana 6. Gesù, Marta e Maria 7. Maria e Giuseppe.
650 ## - Accesso aggiunto di soggetto--termine topico
Termine topico o nome geografico come accesso pastorale-familiare
9 (RLIN) 56039
654 ## - Accesso aggiunto di soggetto--termini topici faccettati
Termine principale sussidio
942 ## - Dati aggiuntivi (Koha)
Fonte della classificazione o dello schema di collocazione (segnatura) Dewey Decimal Classification
Tipo copia default (Koha) LIBRO
Dati di copia
Ritirato (status) Perso (status) Fonte della classificazione o dello schema di collocazione (segnatura) Danneggiato (status) Non per il presito Biblioteca proprietaria Biblioteca in cui si trova Data d'acquisizione Totale prestiti Collocazione Codice a barre Data ultima operazione Prezzo in vigore dal Tipo copia default (Koha)
    Dewey Decimal Classification Buone Condizioni Not For Loan CISF - Milano CISF - Milano 10/04/2019   b7511 9788825047790 10/04/2019 10/04/2019 LIBRO
CREDITS: SOCIETA' SAN PAOLO Via A.Severo, 58 - ROMA (RM) & PERIODICI SAN PAOLO SRL Via Giotto, 36 MILANO & CISF Via Giotto, 36 MILANO & EDIZIONI SAN PAOLO SRL,  Piazza Soncino, 5 CINISELLO BALSAMO (MI) -- ITALY